|
|
|
|
| LEADER |
00000cam a2200000 a 4500 |
| 001 |
vtls001319901 |
| 003 |
SK-MaSNL |
| 005 |
20260426004359.0 |
| 008 |
240318s1966 xr hoa 00000 slo |
| 015 |
|
|
|a SNBA1966
|
| 035 |
|
|
|a SNK000272521
|
| 040 |
|
|
|a SNK
|b slo
|c SNK
|e AACR2
|
| 041 |
0 |
|
|a slo
|
| 044 |
|
|
|a xr
|c CZ
|
| 080 |
|
|
|a 329.73
|2 2001
|
| 080 |
|
|
|a 316.347
|2 2001
|
| 080 |
|
|
|a (=162.4)
|2 2001
|
| 080 |
|
|
|a (437.6)
|2 2001
|
| 080 |
|
|
|a (072)
|2 2001
|
| 100 |
1 |
|
|a Hučko, Ján,
|d 1929-2001
|4 aut
|9 13721
|
| 245 |
1 |
0 |
|a Revolučné roky na Slovensku 1848-1849
|c Ján Hučko
|
| 246 |
1 |
4 |
|a Revolučné roky 1848-1849 na Slovensku
|
| 250 |
|
|
|a 1. vyd.
|
| 260 |
|
|
|a Praha
|b Učebné pomôcky
|c 1966
|
| 300 |
|
|
|a 22 s., 57 obr. na príl.
|b faks., fotogr., ilustr.
|c 29 cm
|
| 366 |
|
|
|e 1550 výt.
|
| 490 |
1 |
|
|a Obrazové súbory
|
| 504 |
|
|
|a Bibliogr.
|
| 648 |
|
7 |
|a 1848-1849
|2 SNKPH
|9 285913
|
| 650 |
0 |
7 |
|a národné hnutie
|2 SNKPH
|9 71486
|
| 650 |
0 |
7 |
|a národná identita
|2 SNKPH
|9 1665
|
| 650 |
0 |
7 |
|a Slováci
|2 SNKPH
|9 22552
|
| 651 |
|
7 |
|a Slovensko
|2 SNKPH
|9 14231
|
| 655 |
|
7 |
|a učebné pomôcky
|2 SNKPH
|9 70567
|
| 830 |
|
0 |
|a Obrazové súbory
|9 389725
|
| 958 |
|
|
|a SK
|
| 958 |
|
|
|a NB
|
| 958 |
|
|
|a OND
|
| 999 |
|
|
|c 975166
|d 977096
|
| 952 |
|
|
|a SNK
|b SNK
|y PREZ
|7 0
|p 17A0839991
|o snkSB 14755
|i snkKSP 1140/69
|0 0
|1 0
|4 0
|d 2012-07-23
|f 1
|l 0
|r 2025-03-14 00:00:00
|w 2026-02-24
|
| 952 |
|
|
|t P60, <04>, [BOOK], {604}
|a SNK
|b SNK
|y VYP
|7 0
|p 17A0121494
|o snkSB 14755 D1
|0 0
|1 0
|4 0
|d 1998-02-07
|l 0
|r 2005-01-02 00:00:00
|w 2026-02-24
|